[Event "DEM U10/U10w 2004"]
[Site "Willingen GER"]
[Date "2004.06.04"]
[Round "9"]
[White "Sancar, Alina"]
[Black "Rosenkranz, Christian"]
[Result "1-0"]
[Termination "normal"]
[Board "27"]
[WhiteElo "992"]
[BlackElo "1152"]
[PlyCount "131"]
[WhiteFideId "4624750"]
[BlackFideId "24674494"]
[EventCountry "GER"]
[EventRounds "11"]
[EventType "swiss"]
[EventDate "2004.05.29"]

1. e4 e6 2. d4 d5 3. e5 c5 4. f4 cxd4 5. Qxd4 Nc6 6. Qd1 Bc5 7. Bb5 Bd7 8. Nf3
Qb6 9. Bxc6 Bf2+ 10. Ke2 Bxc6 11. Ne1 Bb5+ 12. Nd3 Bxd3+ 13. Qxd3 Ne7 14. Rf1
Bc5 15. c3 Qc7 16. Be3 Bxe3 17. Qxe3 Qc4+ 18. Kf2 O-O 19. Kg1 Qb5 20. b3 Nf5
21. Qd2 Rac8 22. Rd1 f6 23. Qf2 fxe5 24. fxe5 Qc5 25. Qxc5 Rxc5 26. Rc1 Ne3 27.
Nd2 Rfc8 28. Nb1 b5 29. a3 a5 30. b4 axb4 31. axb4 Rc4 32. Kf2 Ng4+ 33. Kg3
Nxe5 34. Re1 Re4 35. Rxe4 dxe4 36. Kf4 Ng6+ 37. Kxe4 Kf7 38. Ra5 Rb8 39. Kd4
e5+ 40. Kc5 e4 41. Kd4 Re8 42. Ke3 Re5 43. Nd2 Kf6 44. c4 bxc4 45. Nxc4 Re6 46.
b5 Ne5 47. Nxe5 Rxe5 48. Ra6+ Ke7 49. b6 Re6 50. Ra7+ Ke8 51. Rxg7 Rxb6 52.
Kxe4 Re6+ 53. Kf5 Re7 54. Rxe7+ Kxe7 55. g4 Kf7 56. h4 Kg7 57. Kg5 h6+ 58. Kf5
h5 59. g5 Kh7 60. Kf6 Kg8 61. g6 Kh8 62. Kg5 Kg7 63. Kxh5 Kg8 64. Kh6 Kh8 65.
g7+ Kg8 66. h5 1-0

[Event "DEM U10/U10w 2004"]
[Site "Willingen GER"]
[Date "2004.06.04"]
[Round "9"]
[White "Dietrich, Christoph"]
[Black "Ohnesorg, Felix"]
[Result "0-1"]
[Termination "normal"]
[Board "28"]
[WhiteElo "815"]
[BlackElo "1226"]
[PlyCount "34"]
[BlackFideId "24653578"]
[EventCountry "GER"]
[EventRounds "11"]
[EventType "swiss"]
[EventDate "2004.05.29"]

1. e4 c5 2. Nf3 Nc6 3. d4 cxd4 4. Nxd4 e5 5. Nf3 Bc5 6. Nc3 d6 7. Be2 Nf6 8.
Bg5 O-O 9. Nd5 Bxf2+ 10. Kf1 Bc5 11. Nxf6+ gxf6 12. Bh4 Bg4 13. h3 Bh5 14. g4
Bg6 15. Bd3 Bd4 16. Nxd4 Nxd4 17. Kg2 d5 0-1

[Event "DEM U10/U10w 2004"]
[Site "Willingen GER"]
[Date "2004.06.04"]
[Round "9"]
[White "Gering, Samuel"]
[Black "Pältz, Sebastian"]
[Result "0-1"]
[Termination "normal"]
[Board "29"]
[WhiteElo "1059"]
[BlackElo "1001"]
[PlyCount "52"]
[WhiteFideId "24604526"]
[BlackFideId "24648027"]
[EventCountry "GER"]
[EventRounds "11"]
[EventType "swiss"]
[EventDate "2004.05.29"]

1. e4 e5 2. Nf3 Nc6 3. Bc4 Nf6 4. Nc3 Nxe4 5. Nxe4 d5 6. Bxd5 Qxd5 7. Nc3 Qd8
8. O-O Bg4 9. Qe2 Bd6 10. h3 Bh5 11. d3 h6 12. Qe3 O-O 13. Nd2 Nd4 14. Rb1 f5
15. g3 Nxc2 16. Nb3 Nxe3 17. Bxe3 f4 18. Bd2 Qd7 19. h4 Qh3 20. f3 Qxg3+ 21.
Kh1 Bxf3+ 22. Rxf3 Qxf3+ 23. Kg1 Qg3+ 24. Kf1 f3 25. Be3 Bb4 26. Ne4 Qg2# 0-1

[Event "DEM U10/U10w 2004"]
[Site "Willingen GER"]
[Date "2004.06.04"]
[Round "9"]
[White "Weißenburg, Isabel"]
[Black "Bluma, Marcel"]
[Result "0-1"]
[Termination "normal"]
[Board "32"]
[WhiteElo "878"]
[BlackElo "1173"]
[PlyCount "74"]
[WhiteFideId "4612922"]
[BlackFideId "1270526"]
[EventCountry "GER"]
[EventRounds "11"]
[EventType "swiss"]
[EventDate "2004.05.29"]

1. e4 e5 2. Nc3 Nf6 3. g3 Bc5 4. Bg2 d6 5. h3 Nc6 6. Nge2 Be6 7. Nd5 Nd4 8. c3
Nxe2 9. Qxe2 c6 10. Nxf6+ Qxf6 11. O-O O-O 12. Kh2 d5 13. f4 exf4 14. Rxf4 Qg6
15. exd5 cxd5 16. d4 Bd6 17. Rh4 Bxg3+ 18. Kh1 Bxh4 19. Be3 Rfe8 20. Rg1 Qg3
21. Bf1 Qe1 22. Qg2 g6 23. Bd2 Qe4 24. Bh6 Qxg2+ 25. Bxg2 f5 26. c4 dxc4 27.
Bxb7 Rab8 28. Bc6 Rec8 29. d5 Rxb2 30. Rc1 Bf7 31. Rxc4 g5 32. Ra4 Be8 33. Rxa7
Bxc6 34. dxc6 Re8 35. Rg7+ Kh8 36. Rxh7+ Kxh7 37. c7 Re1# 0-1

[Event "DEM U10/U10w 2004"]
[Site "Willingen GER"]
[Date "2004.06.04"]
[Round "9"]
[White "Falke, Johannes"]
[Black "Döring, Stefan"]
[Result "1-0"]
[Termination "normal"]
[Board "34"]
[WhiteElo "761"]
[BlackElo "1113"]
[PlyCount "49"]
[BlackFideId "1272047"]
[EventCountry "GER"]
[EventRounds "11"]
[EventType "swiss"]
[EventDate "2004.05.29"]

1. e4 e6 2. d4 d5 3. e5 c5 4. c3 Nc6 5. Nf3 Qb6 6. a3 Bd7 7. b4 cxb4 8. cxb4 a6
9. Be2 Nge7 10. Nc3 Nf5 11. Na4 Qa7 12. Nc5 a5 13. b5 Nce7 14. Nxd7 Kxd7 15. a4
Ng6 16. O-O Nf4 17. Bxf4 Be7 18. Bd3 Nxd4 19. Nxd4 Qxd4 20. Be3 Qxe5 21. b6 d4
22. Bb5+ Kc8 23. Rc1+ Kb8 24. Bxd4 Qf5 25. Qf3 1-0

[Event "DEM U10/U10w 2004"]
[Site "Willingen GER"]
[Date "2004.06.04"]
[Round "9"]
[White "Barden, Andrea"]
[Black "Rozenfeld, Elisabeth"]
[Result "1/2-1/2"]
[Termination "normal"]
[Board "37"]
[WhiteElo "1115"]
[BlackElo "988"]
[PlyCount "108"]
[WhiteFideId "24698822"]
[BlackFideId "4624742"]
[EventCountry "GER"]
[EventRounds "11"]
[EventType "swiss"]
[EventDate "2004.05.29"]

1. c4 c5 2. g3 e6 3. Bg2 Be7 4. Nf3 Nf6 5. O-O O-O 6. Nc3 Nc6 7. b3 b6 8. Bb2
Bb7 9. e3 a6 10. d4 d5 11. dxc5 dxc4 12. Qxd8 Raxd8 13. cxb6 cxb3 14. axb3 Rd7
15. h3 Rb8 16. Kh2 Bc8 17. Na4 Bd8 18. Nd2 Bxb6 19. Bxc6 Rxd2 20. Bxf6 gxf6 21.
Bg2 Bc7 22. Rab1 Rd3 23. Nc5 Rc3 24. Rfc1 Rxc1 25. Rxc1 Bd6 26. Na4 Bd7 27. Rd1
Rxb3 28. Rxd6 Bxa4 29. Rxa6 Bb5 30. Rb6 Rb2 31. Kg1 Rb1+ 32. Kh2 Rb2 33. g4
Rxf2 34. Rxb5 Re2 35. Rb3 Kg7 36. Kg3 Kg6 37. Be4+ Kg5 38. Bxh7 f5 39. Bg8 Kf6
40. Rb7 Rxe3+ 41. Kh4 fxg4 42. hxg4 Re1 43. Rxf7+ Kg6 44. Rf3 e5 45. Bf7+ Kg7
46. Kg5 e4 47. Rf4 e3 48. Re4 Kxf7 49. Kf4 e2 50. Kf3 Kf6 51. Rxe2 Rxe2 52.
Kxe2 Kg5 53. Kf3 Kg6 54. Kf4 Kf6 1/2-1/2

[Event "DEM U10/U10w 2004"]
[Site "Willingen GER"]
[Date "2004.06.04"]
[Round "9"]
[White "Geise, Maria"]
[Black "Priese, Franziska"]
[Result "1-0"]
[Termination "normal"]
[Board "42"]
[WhiteElo "948"]
[BlackElo "711"]
[PlyCount "83"]
[EventCountry "GER"]
[EventRounds "11"]
[EventType "swiss"]
[EventDate "2004.05.29"]

1. e4 e5 2. Nf3 Nf6 3. Nc3 d5 4. exd5 Nxd5 5. Nxe5 Be6 6. Nxd5 Qxd5 7. d4 Qe4+
8. Be3 Nc6 9. Bb5 Bb4+ 10. c3 Qxg2 11. Rf1 Rd8 12. cxb4 a6 13. Bxc6+ bxc6 14.
Nf3 Bc4 15. Rg1 Qh3 16. Rc1 Bd5 17. Rg3 Qe6 18. Rc2 Qd6 19. Re2 Qxb4+ 20. Bd2+
Qe7 21. Rxe7+ Kxe7 22. Bg5+ f6 23. Bd2 Rhe8 24. Kf1 Bc4+ 25. Kg1 c5 26. b3 Bd3
27. Rxg7+ Kf8 28. Rxc7 f5 29. Bh6+ Kg8 30. Qxd3 Re6 31. Bg5 Rde8 32. Qc4 Kf8
33. d5 Re4 34. Qxc5+ Kg8 35. d6 Rg4+ 36. Kf1 h5 37. Qd5+ Kh8 38. Bf6+ Rg7 39.
Qf7 Reg8 40. Bxg7+ Kh7 41. Be5+ Kh6 42. Qh7# 1-0

[Event "DEM U10/U10w 2004"]
[Site "Willingen GER"]
[Date "2004.06.04"]
[Round "10"]
[White "Zier, Oliver"]
[Black "Osmanodja, Bilgin"]
[Result "1/2-1/2"]
[Termination "normal"]
[Board "1"]
[WhiteElo "1296"]
[BlackElo "1388"]
[PlyCount "93"]
[WhiteFideId "24631906"]
[EventCountry "GER"]
[EventRounds "11"]
[EventType "swiss"]
[EventDate "2004.05.29"]

1. d4 Nf6 2. c4 g6 3. Nc3 Bg7 4. g3 O-O 5. Bg2 d6 6. Nf3 Nbd7 7. O-O c5 8. e3
Nh5 9. Qc2 f5 10. b3 e6 11. Bb2 a6 12. Rad1 Qe7 13. Rfe1 g5 14. dxc5 Nxc5 15.
b4 Nd7 16. e4 f4 17. Qd3 fxg3 18. hxg3 g4 19. Nh2 Ne5 20. Qe2 Nf6 21. Na4 b5
22. Nb6 Rb8 23. Nxc8 Rfxc8 24. cxb5 Rxb5 25. Bxe5 dxe5 26. a3 h5 27. f3 gxf3
28. Bxf3 Qf7 29. Rd6 Ra8 30. Rc1 Qg6 31. Kg2 h4 32. g4 Nh5 33. Kf2 Nf4 34. Qd1
Bf6 35. Rcc6 Be7 36. Rxa6 Rxa6 37. Rxa6 Rb8 38. Qa4 Nh3+ 39. Kg2 Nf4+ 40. Kf2
Nd3+ 41. Ke3 Rd8 42. Ra8 Qg5+ 43. Ke2 Nc1+ 44. Kf1 Qd2 45. Rxd8+ Bxd8 46. Qd1
Qg5 47. a4 1/2-1/2

[Event "DEM U10/U10w 2004"]
[Site "Willingen GER"]
[Date "2004.06.04"]
[Round "10"]
[White "Boos, Philipp"]
[Black "Dünzel, Jonas"]
[Result "0-1"]
[Termination "normal"]
[Board "2"]
[WhiteElo "1442"]
[BlackElo "1433"]
[PlyCount "82"]
[BlackFideId "24631167"]
[EventCountry "GER"]
[EventRounds "11"]
[EventType "swiss"]
[EventDate "2004.05.29"]

1. d4 d5 2. c4 e6 3. Nc3 Nf6 4. cxd5 exd5 5. Bg5 Nbd7 6. e3 c6 7. Bd3 g6 8.
Nge2 Bg7 9. O-O O-O 10. Rc1 Nb6 11. f3 Qd6 12. e4 dxe4 13. fxe4 Ng4 14. e5 Qc7
15. h3 Nh6 16. Qd2 Nf5 17. Nb5 Qb8 18. Bxf5 cxb5 19. Bxc8 Rxc8 20. Rxc8+ Qxc8
21. Rc1 Qd7 22. Rd1 Nc4 23. Qc3 Nxe5 24. Qb3 Nc4 25. a4 Nd6 26. axb5 Qxb5 27.
Qxb5 Nxb5 28. d5 f6 29. Bf4 Rd8 30. Kf1 g5 31. Bh2 Bf8 32. Ng3 Bd6 33. Rd3 Kf7
34. Ke2 Be5 35. Kf3 Bxb2 36. Rb3 Nd4+ 37. Ke3 Nxb3 38. Kd3 Be5 39. Kc2 Bxg3 40.
Bxg3 Nd4+ 41. Kc3 Ne2+ 0-1

[Event "DEM U10/U10w 2004"]
[Site "Willingen GER"]
[Date "2004.06.04"]
[Round "10"]
[White "Risius, Philipp"]
[Black "Noe, Christopher"]
[Result "0-1"]
[Termination "normal"]
[Board "3"]
[WhiteElo "1264"]
[BlackElo "1552"]
[PlyCount "90"]
[WhiteFideId "24630330"]
[BlackFideId "24692018"]
[EventCountry "GER"]
[EventRounds "11"]
[EventType "swiss"]
[EventDate "2004.05.29"]

1. e4 c5 2. Nc3 e6 3. g3 d5 4. exd5 exd5 5. Bg2 Nf6 6. Nf3 Be7 7. d3 O-O 8. O-O
Nc6 9. Bf4 Bf5 10. Re1 Re8 11. Nb5 Rc8 12. c4 d4 13. Nh4 Be6 14. Nxa7 Nxa7 15.
Bxb7 h6 16. Bxc8 Qxc8 17. Ng2 Bh3 18. Be5 Qb7 19. Nf4 Bg4 20. Qd2 Qc8 21. Bxf6
Bxf6 22. Rxe8+ Qxe8 23. Qe1 Qb8 24. h3 Bf5 25. Qd2 Nc6 26. Kg2 Ne7 27. Nh5 Be5
28. f4 Qb7+ 29. Kh2 Bd6 30. g4 Bg6 31. Ng3 Bxf4 32. Qg2 Qxg2+ 33. Kxg2 Bxd3 34.
b3 Nc6 35. Nh1 Be4+ 36. Kg1 d3 37. Nf2 Bg6 38. Kf1 d2 39. a4 Na5 40. Ra3 Bd3+
41. Kg2 Be2 42. Ra1 Be3 43. Nd1 Bd4 44. Ra2 Bxd1 45. Rxd2 Bxb3 0-1

[Event "DEM U10/U10w 2004"]
[Site "Willingen GER"]
[Date "2004.06.04"]
[Round "10"]
[White "Kaphle, Sebastian"]
[Black "Kotainy, Jens"]
[Result "1-0"]
[Termination "normal"]
[Board "4"]
[WhiteElo "1454"]
[BlackElo "1492"]
[PlyCount "97"]
[WhiteFideId "24626708"]
[BlackFideId "24670499"]
[EventCountry "GER"]
[EventRounds "11"]
[EventType "swiss"]
[EventDate "2004.05.29"]

1. e4 c5 2. Nf3 Nc6 3. d4 cxd4 4. Nxd4 Nf6 5. Nc3 e5 6. Ndb5 d6 7. Bg5 a6 8.
Na3 b5 9. Nd5 Be7 10. Bxf6 Bxf6 11. c4 b4 12. Nc2 a5 13. Bd3 O-O 14. O-O Be6
15. Nce3 Bg5 16. b3 Bxe3 17. fxe3 Bxd5 18. exd5 Ne7 19. Qc2 Ng6 20. Bxg6 fxg6
21. Rxf8+ Qxf8 22. Rf1 Qe7 23. Qf2 Rf8 24. Qxf8+ Qxf8 25. Rxf8+ Kxf8 26. Kf2
Kf7 27. e4 Kf6 28. Ke3 g5 29. Kd3 Ke7 30. c5 dxc5 31. Kc4 Kd6 32. Kb5 h5 33. g3
g4 34. Kxa5 g5 35. Kb5 h4 36. Kc4 Kd7 37. Kxc5 Kc7 38. Kxb4 Kb6 39. a4 hxg3 40.
hxg3 Kc7 41. Kc5 Kd7 42. d6 Ke6 43. Kc6 Kf6 44. d7 Ke7 45. Kc7 Kf6 46. Kd6 Kg6
47. Ke6 Kg7 48. d8=Q Kg6 49. Qg8+ 1-0

[Event "DEM U10/U10w 2004"]
[Site "Willingen GER"]
[Date "2004.06.04"]
[Round "10"]
[White "Wang, Zhangxian"]
[Black "Riabov, Igor"]
[Result "1-0"]
[Termination "normal"]
[Board "5"]
[WhiteElo "1598"]
[BlackElo "1353"]
[PlyCount "95"]
[EventCountry "GER"]
[EventRounds "11"]
[EventType "swiss"]
[EventDate "2004.05.29"]

1. e4 e5 2. Nf3 Nc6 3. d4 exd4 4. Nxd4 Nf6 5. Nc3 Bb4 6. Nxc6 bxc6 7. Bd3 d5 8.
exd5 cxd5 9. O-O c6 10. Bg5 O-O 11. Ne2 Bg4 12. c3 Bd6 13. Qc2 h6 14. Bh4 c5
15. Bf5 Bxf5 16. Qxf5 Be7 17. Rfd1 Qb6 18. Rab1 Rfe8 19. Qf3 Qe6 20. Nf4 Qf5
21. Nxd5 Qxf3 22. Nxe7+ Rxe7 23. gxf3 Rae8 24. Bxf6 gxf6 25. Kf1 Kg7 26. Re1
Rxe1+ 27. Rxe1 Rxe1+ 28. Kxe1 Kf8 29. Ke2 Ke7 30. Kd3 Kd6 31. Ke4 Ke6 32. b4
f5+ 33. Kd3 cxb4 34. cxb4 Kd5 35. a4 a6 36. f4 f6 37. f3 h5 38. h4 a5 39. bxa5
Kc5 40. Kc3 Kc6 41. Kd4 Kd6 42. a6 Kc6 43. a5 Kc7 44. Kd5 Kb8 45. Ke6 Ka7 46.
Kxf6 Kxa6 47. Kxf5 Kxa5 48. Ke5 1-0

[Event "DEM U10/U10w 2004"]
[Site "Willingen GER"]
[Date "2004.06.04"]
[Round "10"]
[White "Zimmermann, Gordon"]
[Black "Müller, Tobias"]
[Result "1/2-1/2"]
[Termination "normal"]
[Board "6"]
[WhiteElo "1562"]
[BlackElo "1320"]
[PlyCount "87"]
[WhiteFideId "24624330"]
[BlackFideId "24643394"]
[EventCountry "GER"]
[EventRounds "11"]
[EventType "swiss"]
[EventDate "2004.05.29"]

1. e4 d5 2. exd5 Nf6 3. d4 Nxd5 4. c4 Nf6 5. Nf3 Bf5 6. Nc3 e6 7. Be2 Be7 8.
O-O O-O 9. Bg5 Nc6 10. Qd2 Bg4 11. Rad1 h6 12. Bh4 Qd7 13. Ne5 Nxe5 14. dxe5
Qxd2 15. Rxd2 Bxe2 16. Nxe2 Ne4 17. Rd4 Bxh4 18. Rxe4 Be7 19. Rd1 Rfd8 20. Red4
Kf8 21. f3 Ke8 22. Kf1 Rxd4 23. Rxd4 c5 24. Rd3 Rd8 25. Nc1 Bg5 26. Rxd8+ Kxd8
27. Nd3 Be3 28. Ke2 Bd4 29. Kd2 Kc7 30. Kc2 Kc6 31. h3 b5 32. b3 b4 33. Kd2 Kd7
34. Ke2 Ke7 35. f4 f6 36. Kf3 g5 37. exf6+ Kxf6 38. Ke4 h5 39. Ne5 gxf4 40. Nc6
e5 41. Nxa7 Kg5 42. Nc6 Kh4 43. Kf3 Kg5 44. Ke4 1/2-1/2

[Event "DEM U10/U10w 2004"]
[Site "Willingen GER"]
[Date "2004.06.04"]
[Round "10"]
[White "Bräuer, Franz"]
[Black "Wittke, Rene"]
[Result "1/2-1/2"]
[Termination "normal"]
[Board "7"]
[WhiteElo "1357"]
[BlackElo "1523"]
[PlyCount "78"]
[WhiteFideId "24634468"]
[BlackFideId "24640255"]
[EventCountry "GER"]
[EventRounds "11"]
[EventType "swiss"]
[EventDate "2004.05.29"]

1. e4 e5 2. Nf3 Nc6 3. Bb5 a6 4. Ba4 Nf6 5. Qe2 b5 6. Bb3 d6 7. c3 Be7 8. d3
O-O 9. Nbd2 Be6 10. Bc2 Qd7 11. Ng5 h6 12. Nxe6 fxe6 13. Nf1 d5 14. f3 d4 15.
Ng3 Rad8 16. O-O Bc5 17. Kh1 dxc3 18. bxc3 b4 19. cxb4 Bxb4 20. Bb2 Nd4 21.
Bxd4 exd4 22. Bb3 Kh8 23. Qc2 Bc3 24. Rac1 Rf7 25. Ne2 Nh5 26. Nxc3 dxc3 27.
Qxc3 Nf4 28. Rcd1 Nxd3 29. Kg1 Qd4+ 30. Qxd4 Rxd4 31. Bxe6 Re7 32. Bc4 Rxc4 33.
Rxd3 Rc2 34. Ra3 Re6 35. h3 c5 36. Rf2 Rc1+ 37. Rf1 Rc2 38. Re1 Rd6 39. e5 Rdd2
1/2-1/2

[Event "DEM U10/U10w 2004"]
[Site "Willingen GER"]
[Date "2004.06.04"]
[Round "10"]
[White "Ma, Beini"]
[Black "Rafayevych, Vilen"]
[Result "0-1"]
[Termination "normal"]
[Board "8"]
[WhiteElo "1312"]
[BlackElo "1425"]
[PlyCount "40"]
[WhiteFideId "24630101"]
[BlackFideId "24673897"]
[EventCountry "GER"]
[EventRounds "11"]
[EventType "swiss"]
[EventDate "2004.05.29"]

1. c4 c6 2. e4 e5 3. Nf3 d6 4. d4 Nd7 5. Bd3 Ngf6 6. Nc3 Be7 7. O-O O-O 8. b3
Nb6 9. dxe5 dxe5 10. Nxe5 Qd4 11. Nf3 Qxc3 12. Bd2 Qxd3 13. Bg5 Qxd1 14. Raxd1
h6 15. Bh4 g5 16. Bg3 Nxe4 17. Rde1 Nxg3 18. hxg3 Bb4 19. Re5 Bd7 20. Nxg5 f6
0-1

[Event "DEM U10/U10w 2004"]
[Site "Willingen GER"]
[Date "2004.06.04"]
[Round "10"]
[White "Orhan, Eda"]
[Black "Mertens, Fridolin"]
[Result "0-1"]
[Termination "normal"]
[Board "9"]
[WhiteElo "1312"]
[BlackElo "1449"]
[PlyCount "76"]
[WhiteFideId "24659258"]
[BlackFideId "24671940"]
[EventCountry "GER"]
[EventRounds "11"]
[EventType "swiss"]
[EventDate "2004.05.29"]

1. e4 c5 2. Nf3 d6 3. d4 cxd4 4. Nxd4 Nf6 5. Nc3 a6 6. f3 e6 7. Nb3 Be7 8. Be3
Nbd7 9. Qd2 b5 10. O-O-O Bb7 11. g4 Ne5 12. Nd4 Qc7 13. Re1 Nc4 14. Bxc4 Qxc4
15. h4 b4 16. Na4 Nd7 17. Nb3 Qb5 18. Nc3 bxc3 19. Qxc3 O-O 20. Kb1 Rac8 21.
Qd2 Ne5 22. Qf2 Nc4 23. Bc1 e5 24. f4 a5 25. fxe5 dxe5 26. Nd2 Na3+ 27. Ka1
Nxc2+ 28. Kb1 Nxe1 29. Rxe1 Qd3+ 30. Ka1 Rc2 31. Rd1 Rfc8 32. Qe1 Bxh4 33. Qh1
Bxe4 34. Qg1 Bf2 35. Nb3 Bxg1 36. Rxg1 Rxc1+ 37. Rxc1 Rxc1+ 38. Nxc1 Qb1# 0-1

[Event "DEM U10/U10w 2004"]
[Site "Willingen GER"]
[Date "2004.06.04"]
[Round "10"]
[White "Leach, Julien"]
[Black "Friedrich, Wiede"]
[Result "0-1"]
[Termination "normal"]
[Board "10"]
[WhiteElo "1232"]
[BlackElo "1436"]
[PlyCount "58"]
[BlackFideId "24629537"]
[EventCountry "GER"]
[EventRounds "11"]
[EventType "swiss"]
[EventDate "2004.05.29"]

1. e4 g6 2. d4 Bg7 3. Nf3 d6 4. Be3 b6 5. Nc3 Bb7 6. Qd2 Nd7 7. Bc4 e6 8. O-O-O
Ne7 9. Bh6 O-O 10. Bxg7 Kxg7 11. h4 a6 12. Bd3 c5 13. g4 b5 14. h5 Ng8 15. hxg6
hxg6 16. Ng5 Ngf6 17. f3 cxd4 18. Ne2 e5 19. Qe1 Qb6 20. Qh4 Rh8 21. Qg3 Nc5
22. Qg2 Rac8 23. Rxh8 Nxd3+ 24. Rxd3 Rxh8 25. Rd1 a5 26. Rh1 Rxh1+ 27. Qxh1 d3
28. cxd3 Qe3+ 29. Kd1 Qxd3+ 0-1

[Event "DEM U10/U10w 2004"]
[Site "Willingen GER"]
[Date "2004.06.04"]
[Round "10"]
[White "Berchtenbreiter, Maximilian"]
[Black "Babayev, Ramil"]
[Result "1-0"]
[Termination "normal"]
[Board "11"]
[WhiteElo "1214"]
[BlackElo "1382"]
[PlyCount "63"]
[WhiteFideId "24641120"]
[BlackFideId "24664243"]
[EventCountry "GER"]
[EventRounds "11"]
[EventType "swiss"]
[EventDate "2004.05.29"]

1. e4 e6 2. d4 d5 3. e5 c5 4. c3 Nc6 5. Nf3 Qb6 6. a3 cxd4 7. cxd4 Nh6 8. b4
Nf5 9. Be3 Nxe3 10. fxe3 Be7 11. Bd3 Bd7 12. Nc3 a6 13. O-O h6 14. Ra2 O-O 15.
Raf2 a5 16. b5 Na7 17. a4 Rac8 18. Na2 Rfd8 19. Bc2 g6 20. Qb1 Kg7 21. Nd2 Rf8
22. Qb3 Be8 23. Qd3 Rd8 24. Nb3 Bg5 25. Rf3 Nc8 26. Qd2 Ne7 27. g4 Rc8 28. Bd3
Qa7 29. Nc5 b6 30. Nxe6+ Kg8 31. Nxf8 Kxf8 32. Qf2 1-0

[Event "DEM U10/U10w 2004"]
[Site "Willingen GER"]
[Date "2004.06.04"]
[Round "10"]
[White "Schmitz, Stefan"]
[Black "Mirke, Roy"]
[Result "1-0"]
[Termination "normal"]
[Board "12"]
[WhiteElo "1328"]
[BlackElo "1227"]
[PlyCount "55"]
[WhiteFideId "4625730"]
[BlackFideId "24647306"]
[EventCountry "GER"]
[EventRounds "11"]
[EventType "swiss"]
[EventDate "2004.05.29"]

1. e4 c5 2. Nf3 e6 3. d4 cxd4 4. Nxd4 a6 5. Bd3 Qc7 6. c4 b6 7. Nc3 Bb7 8. O-O
Nf6 9. Kh1 d6 10. Bd2 Nbd7 11. f4 Be7 12. Qe2 O-O 13. Rae1 e5 14. Nf5 Nc5 15.
Nxe7+ Qxe7 16. Bb1 Rfe8 17. Nd5 Bxd5 18. exd5 Qc7 19. Bc3 exf4 20. Qf3 Rxe1 21.
Rxe1 Re8 22. Rxe8+ Nxe8 23. Qxf4 Qe7 24. Qg4 Na4 25. Qh3 g6 26. Qd3 Nxb2 27.
Qd4 Na4 28. Qh8# 1-0

[Event "DEM U10/U10w 2004"]
[Site "Willingen GER"]
[Date "2004.06.04"]
[Round "10"]
[White "Dötterl, Michael"]
[Black "Hager, Joshua Aarash"]
[Result "1-0"]
[Termination "normal"]
[Board "13"]
[WhiteElo "1274"]
[BlackElo "1193"]
[PlyCount "101"]
[BlackFideId "24642789"]
[EventCountry "GER"]
[EventRounds "11"]
[EventType "swiss"]
[EventDate "2004.05.29"]

1. e4 e5 2. Nf3 Nc6 3. Bc4 Nd4 4. d3 Nxf3+ 5. Qxf3 Qf6 6. Qxf6 Nxf6 7. Bg5 Bc5
8. h3 d6 9. a3 Bd7 10. Nc3 c6 11. f3 h6 12. Bd2 a6 13. g4 Ke7 14. Ke2 Rad8 15.
f4 exf4 16. Bxf4 Be6 17. e5 dxe5 18. Bxe5 Bxc4 19. dxc4 Bd4 20. Bxd4 Rxd4 21.
Rhe1 Rd6 22. Kf2+ Re6 23. Rxe6+ fxe6 24. Re1 Rd8 25. Ne4 Nxe4+ 26. Rxe4 Rd2+
27. Re2 Rxe2+ 28. Kxe2 Kd6 29. Ke3 g5 30. Ke4 b5 31. c5+ Kxc5 32. Ke5 Kc4 33.
Kxe6 Kd4 34. Kf6 Ke3 35. Kg6 Kd2 36. Kxh6 Kxc2 37. Kxg5 Kxb2 38. h4 c5 39. h5
c4 40. h6 c3 41. h7 c2 42. h8=Q+ Kb1 43. Qh7 Kb2 44. Qg7+ Kb1 45. Qg6 Kb2 46.
Qf6+ Kb1 47. Qf5 Kb2 48. Qe5+ Kb1 49. Qe4 Kb2 50. Qb4+ Ka2 51. Qc3 1-0

[Event "DEM U10/U10w 2004"]
[Site "Willingen GER"]
[Date "2004.06.04"]
[Round "10"]
[White "Lindner, Robert"]
[Black "Lebeda, Timo"]
[Result "0-1"]
[Termination "normal"]
[Board "14"]
[WhiteElo "1274"]
[BlackElo "1205"]
[PlyCount "84"]
[WhiteFideId "24658847"]
[BlackFideId "4638565"]
[EventCountry "GER"]
[EventRounds "11"]
[EventType "swiss"]
[EventDate "2004.05.29"]

1. e4 e5 2. Nf3 Nc6 3. d4 exd4 4. Nxd4 Nf6 5. Nc3 Bc5 6. Be3 Bb4 7. Qf3 Bxc3+
8. bxc3 O-O 9. Bc4 Ne5 10. Qe2 Nxe4 11. Bd2 Nxd2 12. Kxd2 Nxc4+ 13. Qxc4 d5 14.
Qc5 c6 15. Rab1 Qc7 16. h3 Bd7 17. Rhe1 b6 18. Qa3 c5 19. Nf3 Qf4+ 20. Ke2 Qc4+
21. Kd2 Be6 22. g3 d4 23. Ng5 dxc3+ 24. Qxc3 Rfd8+ 25. Qd3 Rxd3+ 26. cxd3 Qxa2+
27. Ke3 h6 28. Nxe6 Qxe6+ 29. Kd2 Qxh3 30. Re2 Qd7 31. Re3 Rd8 32. Rb3 Qa4 33.
Kc3 Rc8 34. Re4 Qa5+ 35. Kc2 Qa2+ 36. Rb2 Qd5 37. Kc3 Rd8 38. Rd2 b5 39. d4
Qxe4 40. dxc5 Qc4+ 41. Kb2 Rxd2+ 42. Ka3 Qa4# 0-1

[Event "DEM U10/U10w 2004"]
[Site "Willingen GER"]
[Date "2004.06.04"]
[Round "10"]
[White "Osmanodja, Filiz"]
[Black "Marquardt, Patrick"]
[Result "1-0"]
[Termination "normal"]
[Board "15"]
[WhiteElo "1219"]
[BlackElo "1269"]
[PlyCount "67"]
[WhiteFideId "24633569"]
[BlackFideId "4670086"]
[EventCountry "GER"]
[EventRounds "11"]
[EventType "swiss"]
[EventDate "2004.05.29"]

1. e4 c5 2. Nf3 Nc6 3. d4 cxd4 4. Nxd4 g6 5. Be3 Bg7 6. Nc3 Nf6 7. Qd2 O-O 8.
Bc4 Ng4 9. Nxc6 bxc6 10. Bf4 Qb6 11. Bb3 d6 12. f3 Nf6 13. O-O-O Rb8 14. Bh6 c5
15. Bxg7 Kxg7 16. h4 c4 17. h5 cxb3 18. axb3 Be6 19. hxg6 fxg6 20. Qh6+ Kg8 21.
e5 dxe5 22. Ne4 Nh5 23. g4 Rxf3 24. Ng5 Qe3+ 25. Kb1 Nf6 26. Nxf3 Qxf3 27. Rdf1
Qb7 28. g5 Nh5 29. Rxh5 gxh5 30. Qxe6+ Kh8 31. Qxe5+ Kg8 32. Qe6+ Kh8 33. Rf7
Qb5 34. Qh6 1-0

[Event "DEM U10/U10w 2004"]
[Site "Willingen GER"]
[Date "2004.06.04"]
[Round "10"]
[White "Ohnmacht, Simon"]
[Black "Kazman, Caner"]
[Result "1-0"]
[Termination "normal"]
[Board "16"]
[WhiteElo "1208"]
[BlackElo "1259"]
[PlyCount "101"]
[WhiteFideId "24672980"]
[BlackFideId "24684953"]
[EventCountry "GER"]
[EventRounds "11"]
[EventType "swiss"]
[EventDate "2004.05.29"]

1. e4 e6 2. d4 d5 3. Nc3 Nf6 4. e5 Nfd7 5. Nce2 c5 6. c3 Nc6 7. f4 Qb6 8. Nf3
Be7 9. g3 f6 10. Bg2 O-O 11. O-O Qc7 12. Be3 b6 13. Bh3 f5 14. Qd3 a5 15. Rae1
Ba6 16. Qc2 Nd8 17. Kh1 cxd4 18. Nfxd4 Nc5 19. Bg2 Qd7 20. a3 Rc8 21. Rd1 Nc6
22. Rfe1 Qe8 23. b4 Nxd4 24. Nxd4 Ne4 25. Bxe4 fxe4 26. Nxe6 Rf7 27. Nd4 axb4
28. axb4 Bxb4 29. Bd2 Bc5 30. Be3 Rfc7 31. Rc1 Bd3 32. Qb3 Qh5 33. Qxd5+ Kh8
34. Qb3 Bxd4 35. Bxd4 Qf3+ 36. Kg1 h6 37. Re3 Qg4 38. Qxb6 Rc6 39. Qb2 h5 40.
Kg2 h4 41. Qf2 R6c7 42. h3 Qg6 43. g4 Rd7 44. Qxh4+ Kg8 45. Ra1 Rb8 46. f5 Qc6
47. e6 Rdd8 48. Qe7 Rxd4 49. cxd4 Qc2+ 50. Kg3 Rb2 51. Ra8+ 1-0